Normal view
MARC view
Entry Personal Name
001 - CONTROL NUMBER
- control field: 168629
003 - CONTROL NUMBER IDENTIFIER
- control field: OSt
005 - DATE AND TIME OF LATEST TRANSACTION
- control field: 20220923225414.0
008 - FIXED-LENGTH DATA ELEMENTS
- fixed length control field: 220923|| aca||aabn | a|a d
040 ## - CATALOGING SOURCE
- Original cataloging agency: OSt
- Transcribing agency: OSt
100 ## - HEADING--PERSONAL NAME
- Personal name: हेरॅरा, ऐलिप, (और अन्य)
670 ## - SOURCE DATA FOUND
- Source citation: Work cat.: (OSt)378024: हेरॅरा, ऐलिप, (और अन्य), शिक्षण संजीवनी शैक्षणिक विश्व आज व उद्या, 1972
